|
|
|
|
| LEADER |
01097nam a2200265 a 4500 |
| 001 |
3950253 |
| 008 |
091221s1993 enka b 000 0 eng d |
| 010 |
|
|
|a 93167950
|
| 020 |
|
|
|a 1853391522 (hbk)
|
| 020 |
|
|
|a 1853391565 (pbk)
|
| 040 |
|
|
|a DIDB
|c DIDB
|d CU
|d DLC
|d BD-DhAAL
|
| 082 |
0 |
0 |
|a 306.3/615/091724
|2 20
|
| 245 |
0 |
0 |
|a Gender, small-scale industry and development policy /
|c edited by I.S.A. Baud and G.A. de Bruijne.
|
| 260 |
|
|
|a London :
|b IT Publications,
|c 1993.
|
| 300 |
|
|
|a ix, 214 p. :
|b ill. ;
|c 24 cm.
|
| 504 |
|
|
|a Includes bibliographical references (p. [200]- 214).
|
| 541 |
1 |
|
|e 00005760
|
| 650 |
|
0 |
|a Women in development
|z Developing countries.
|
| 650 |
|
0 |
|a Sexual division of labor
|z Developing countries.
|
| 650 |
|
0 |
|a Sex discrimination in employment
|z Developing countries.
|
| 700 |
1 |
|
|a Baud, I. S. A.
|
| 700 |
1 |
|
|a Bruijne, G. A. de.
|
| 852 |
4 |
|
|a Ayesha Abed Library
|j General shelf
|
| 999 |
|
|
|c 6298
|d 6298
|
| 952 |
|
|
|0 0
|1 0
|2 ddc
|4 0
|6 306_361509172400000_GEN_1993
|7 0
|9 6336
|a BRACUL
|b BRACUL
|c GEN
|d 2009-12-21
|g 1456.00
|l 0
|o 306.3615091724 GEN
|p 3010005760
|r 2009-12-21
|t 1
|w 2009-12-21
|y BK
|